LEADER 00928nam0-22003011i-450- 001 990000103500403321 035 $a000010350 035 $aFED01000010350 035 $a(Aleph)000010350FED01 035 $a000010350 100 $a20011111d--------km-y0itay50------ba 101 0 $aita 105 $ay-------001yy 200 1 $aCalendario dell'osservatorio astronomico di Capodimonte, Napoli, 1973$erapporto interno n. 3. Novembre 1972$fL. Borriello , T. Ievolella. 210 $aNapoli$cOsservatorio astronomico di Capodimonte$d1972 215 $a18 p.$d29 cm 610 0 $aAstronomia$aCalendari$a1973 676 $a529 702 1$aBorriello,$bL. 702 1$aIevolella,$bT. 710 02$aOsservatorio astronomico di Capodimonte 801 0$aIT$bUNINA$gRICA$2UNIMARC 901 $aBK 912 $a990000103500403321 952 $a13 F 07 27$b2632$fFINBC 959 $aFINBC 997 $aUNINA DB $aING01 LEADER 01063nam a2200265 i 4500 001 991003609059707536 005 20020503201528.0 008 001103s1953 it ||| | lat 035 $ab1053104x-39ule_inst 035 $aEXGIL123875$9ExL 040 $aBiblioteca Interfacoltà$bita 082 0 $a871 100 1 $aNaevius, Cnaeus$0466179 245 10$aNaevius /$cintroduzione biobibliografica, testo dei frammenti e commento di Enzo V. Marmorale 260 $aFirenze :$bLa nuova Italia,$c1953 300 $a268 p. ;$c17 cm. 490 0 $aBiblioteca di studi superiori. Filologia latina ;$v8 700 1 $aMarmorale, Enzo V. 907 $a.b1053104x$b21-02-17$c27-06-02 912 $a991003609059707536 945 $aLE007 870.1 Naevius 1953-01$g1$i2007000187494$lle007$o-$pE0.00$q-$rl$s- $t0$u0$v0$w0$x0$y.i15214138$z28-12-10 945 $aLE002 Lat. I A 39$g1$i2002000724816$lle002$o-$pE0.00$q-$rl$s- $t0$u0$v0$w0$x0$y.i10610091$z27-06-02 996 $aNaevius$9217984 997 $aUNISALENTO 998 $ale007$ale002$b01-01-00$cm$da $e-$flat$git $h0$i2 LEADER 01406nam 2200409 450 001 9910799000803321 005 20230810001121.0 010 $a1-63091-303-0 035 $a(CKB)3710000000907906 035 $a(MiAaPQ)EBC4717771 035 $a(DLC) 2016031206 035 $a(EXLCZ)993710000000907906 100 $a20161025h20172017 uy 0 101 0 $aeng 135 $aurcnu|||||||| 181 $2rdacontent 182 $2rdamedia 183 $2rdacarrier 200 10$aCase studies in communication sciences and disorders /$fDennis C. Tanner 205 $aSecond edition. 210 1$aThorofare, [New Jersey] :$cSLACK Incorporated,$d2017. 210 4$d©2017 215 $a1 online resource (217 pages) 311 $a1-63091-302-2 320 $aIncludes bibliographical references. 327 $aLanguage delay and disorders -- Articulation and phonology disorders -- Stuttering -- Voice and resonance disorders -- Aphasia -- Motor speech disorders -- Dysphagia -- Traumatic brain injury -- Hearing loss and deafness. 606 $aCommunication Disorders 615 0$aCommunication Disorders. 676 $a616.85/5 700 $aTanner$b Dennis C.$f1949-$01520772 801 0$bMiAaPQ 801 1$bMiAaPQ 801 2$bMiAaPQ 906 $aBOOK 912 $a9910799000803321 996 $aCase studies in communication sciences and disorders$93759540 997 $aUNINA